书目信息 |
| 题名: |
中国当代小城镇规划精品集:综合篇(一)
|
|
| 作者: | 朱霞 | |
| 分册: | ||
| 出版信息: | 北京 中国建筑工业出版社 2003.03 |
|
| 页数: | 145页 | |
| 开本: | 26cm | |
| 丛书名: | ||
| 单 册: | ||
| 中图分类: | TU984.2-64 | |
| 科图分类: | ||
| 主题词: | 城市规划 | |
| 电子资源: | ||
| ISBN: | 7-112-05476-1 | |
| 000 | 00590nam0 2200193 45 | |
| 001 | 0436174194 | |
| 005 | 2004042710025418 | |
| 010 | @a7-112-05476-1@dCNY 108.00 | |
| 100 | @a20040427d2003 km y0chiy0120 ea | |
| 101 | 0 | @achi |
| 102 | @aCN@b110000 | |
| 200 | 1 | @a中国当代小城镇规划精品集:综合篇(一)@Azhong guo dang dai xiao cheng zhen gui hua jing pin ji:zong he pian(yi)@f朱霞@Fzhu xia |
| 210 | @a北京@c中国建筑工业出版社@d2003.03 | |
| 215 | @a145页@d26cm | |
| 606 | 0 | @a城市规划 |
| 690 | @aTU984.2-64@v3 | |
| 701 | 0 | @a朱霞@Azhu xia |
| 801 | 0 | @aCN@bPFT@c20040427 |
| 905 | @dTU984.2-64@eZ880 | |
| 中国当代小城镇规划精品集:综合篇(一)/朱霞.-北京:中国建筑工业出版社,2003.03 |
| 145页;26cm |
| ISBN 7-112-05476-1:CNY 108.00 |
| ● |
| 相关链接 |
|
|
|
正题名:中国当代小城镇规划精品集:综合篇(一)
索取号:TU984.2-64/Z880
 
预约/预借
| 序号 | 登录号 | 条形码 | 馆藏地/架位号 | 状态 | 备注 |
| 1 | 392000 | 203920007 | 建筑库201/201建筑库 65排6列4层/ [索取号:TU984.2-64/Z880] | 在馆 |